000 00571nam a2200169Ia 4500
003 LK-CoDNM
008 010623t2005 xxu||||| |||| 00| 1 sin d
040 _aLK-CoDNM
_dLK-CoDNM
_eLK-CoDNM
041 _asin
080 _a902 DOD
100 _aDodamwala,Gamini
245 _aපෞරාණික ස්ථාන හා ස්මාරක,හම්බන්තොට දිස්ත්‍රික්කය
246 _aPauranika Sthana ha Smaraka : Hambanthota District
260 _bDepartment of Archaeology
_aColombo
_c2005
300 _b25p, 21 cm
942 _cBK
999 _c124883
_d124883